Catálogo
 En Linea

Sinfonías bárbaras / (Registro nro. 56661)

Detalles MARC
000 -CABECERA
campo de control de longitud fija 00831nam a2200253 i 4500
003 - IDENTIFICADOR DEL NÚMERO DE CONTROL
campo de control DO-SdBNP
005 - FECHA Y HORA DE LA ÚLTIMA TRANSACCIÓN
campo de control 20260529091728.0
007 - CAMPO FIJO DE DESCRIPCIÓN FÍSICA--INFORMACIÓN GENERAL
campo de control de longitud fija ta
008 - DATOS DE LONGITUD FIJA--INFORMACIÓN GENERAL
campo de control de longitud fija 240514s1940 dr d 000 0 spa d
040 ## - FUENTE DE LA CATALOGACIÓN
Centro catalogador/agencia de origen DO-SdBNP
Lengua de catalogación spa
Centro/agencia transcriptor BNPHU
Normas de descripción rda
041 ## - CÓDIGO DE LENGUA
Código de lengua del texto/banda sonora o título independiente spa
082 ## - NÚMERO DE LA CLASIFICACIÓN DECIMAL DEWEY
Número de clasificación xxx
Número de documento/Ítem xxx
Número de edición 22
100 #1 - ENTRADA PRINCIPAL--NOMBRE DE PERSONA
Nombre de persona López Méndez, R. Vargas,
Término indicativo de función/relación autor
Código de función/relación aut.
9 (RLIN) 28898
245 10 - MENCIÓN DE TÍTULO
Título Sinfonías bárbaras /
Resto del título R. Vargas López Méndez ; prólogo, Federico García Godoy
264 #1 - PRODUCCIÓN, PUBLICACIÓN, DISTRIBUCIÓN, FABRICACIÓN Y COPYRIGHT
Producción, publicación, distribución, fabricación y copyright Santiago de los Caballeros, República Dominicana :
Nombre del de productor, editor, distribuidor, fabricante La Información,
Fecha de producción, publicación, distribución, fabricación o copyright 1940.
300 ## - DESCRIPCIÓN FÍSICA
Extensión 141 páginas ;
Dimensiones 23 cm.
336 ## - TIPO DE CONTENIDO
Fuente rdacontent
Código de tipo de contenido txt
Término de tipo de contenido texto
337 ## - TIPO DE MEDIO
Nombre/término del tipo de medio sin mediación
Código del tipo de medio n
Fuente rdamedia
338 ## - TIPO DE SOPORTE
Nombre/término del tipo de soporte volumen
Código del tipo de soporte nc
Fuente rdacarrier
590 ## - NOTA LOCAL (RLIN)
Nota local Inventariado, 2024/DG
700 ## - PUNTO DE ACCESO ADICIONAL--NOMBRE DE PERSONA
Nombre de persona García Godoy, Federico,
Término indicativo de función/relación prologuista
Código de función/relación pr.
9 (RLIN) 89797
910 ## - DATOS DE OPCIÓN DEL USUARIO (OCLC)
Datos de opción del usuario DG
942 ## - ELEMENTOS DE PUNTO DE ACCESO ADICIONAL (KOHA)
Fuente del sistema de clasificación o colocación Dewey Decimal Classification
Tipo de ítem Koha Libro
Existencias
Estado de retiro Estado de pérdida Fuente del sistema de clasificación o colocación Restricciones de uso No para préstamo Código de colección Localización permanente Ubicación/localización actual Ubicación en estantería Fecha de adquisición Fuente de adquisición Total de préstamos Signatura topográfica completa Código de barras Fecha visto por última vez Precio válido a partir de Tipo de ítem Koha Nota pública
    Dewey Decimal Classification Excluido de préstamo   Patrimonio Dominicano Biblioteca Nacional Pedro Henríquez Ureña Biblioteca Nacional Pedro Henríquez Ureña En catalogación 14.05.2024 Donado por la Presidencia de la República Dominicana 2023.   BNPHU PD-RV 2024-2947 14.05.2024 14.05.2024 Libro Pertenecio a la biblioteca personal de Emilio Cordero Michel.

Con tecnología Koha